Edičné poznámky

Bibliographic Details
Main Author: Štraus, František, 1933-2008 (Author)
Format: Article
Language:Slovak
ISSN:1335-7786
Subjects:

MARC

LEADER 00000nab a2200000 a 4500
001 vtls008934395
003 SK-MaSNL
005 20260303070608.0
008 131021c2006 xo mr|p|||||||000 b|slo
015 |a SNBRB2007/01  |2 snkbucl 
038 |a SNKBUCL 
040 |a SNKBUCL  |b slo  |c SNKBUCL  |e AACR2 
041 0 |a slo 
044 |a xo  |c SK 
080 |a 808.2:821.162.4  |2 1997 
080 |a 821.162.4:808.2  |2 1997 
100 1 |a Štraus, František,  |d 1933-2008  |4 aut  |9 105627 
245 1 0 |a Edičné poznámky  |c František Štraus 
600 1 7 |a Krčméry, Štefan,  |d 1892-1955  |2 snkbucl  |9 5358 
630 0 7 |a Hviezdoslav v kritike a spomienkach  |x rukopisné marginálie  |2 snklbucl  |9 1068231 
648 7 |a 1954  |2 SNKPH  |9 309745 
650 0 7 |a rukopisné marginálie  |2 SNKPH  |9 236436 
773 0 |t Slovenské pohľady  |g Roč. IV.+122., č. 12 (2006), s. 99-100  |x 1335-7786 
852 |a SNK  |b KIS3GCP 
958 |a LX 
958 |a SK 
999 |c 1756054  |d 1757984